University Research and Technology Commercialization

Analýza najmä komercializačných činností spin-offs univerzít. Zistenie toho, že rôzne individuálne a inštitucionálne faktory prispievajú ku komercializácii univerzitného výskumu. Aktualizované informácie o procese komercializácie vynálezov spin-offov Slovenskej technickej univerzity.

Na minha lista:
Detalhes bibliográficos
Autor principal: Pástor, Rudolf
Formato: Capítulo de Livro
Idioma:inglês
Assuntos:
Tags: Adicionar Tag
Sem tags, seja o primeiro a adicionar uma tag!

MARC

LEADER 00000naa$a2200000$$$4500
001 0260437
005 20240502074126.3
041 0 |a eng 
044 |a SK 
245 1 0 |a University Research and Technology Commercialization  |c Rudolf Pástor 
520 |a Analýza najmä komercializačných činností spin-offs univerzít. Zistenie toho, že rôzne individuálne a inštitucionálne faktory prispievajú ku komercializácii univerzitného výskumu. Aktualizované informácie o procese komercializácie vynálezov spin-offov Slovenskej technickej univerzity. 
610 2 0 |a univerzity 
610 2 0 |a výskum 
610 2 0 |a inovácie technologické 
100 1 |a Pástor, Rudolf